Quizzes
Events
Quiz Creation
Community
Videos
Private Events
Remove Ads
Sign In
Join for FREE
Feedback
Dark Mode
Quiz Categories
Sports
Geography
Music
Movies
Television
Just For Fun
Miscellaneous
History
Literature
Language
Science
Gaming
Entertainment
Religion
Holiday
For Kids
Quiz Lab
Recent
Popular Today
Quiz Kudos Today
Editor Picks
Curator Picks
Quizzes by...
Day
Popularity
Type
Ratings
Length
Year
Community
Subscriptions
Recent Discussions
Orange Saloon
Badges
Playlists
Quests
Create
Leaderboards
Showdown
Live 5
Trivia Bingo
Activity
Puzzle Library
Sporcle Events
Private Events
Virtual Trivia
Globe League
Become a Host
Pub Owners
SporcleCon
Opinionation
Our Games
Videos
Blog
Mobile Apps
Partnerships
Remove Ads and Go Orange
Feedback
Entertainment
Celebrity
Famous
Musical
Broadway
Show
Quote
Comic Books
Anime
Superhero
DC Comics
Marvel
Cartoons
Animation
Entertainment
Celebrity
Famous
Musical
Broadway
Show
Quote
Comic Books
Anime
Superhero
DC Comics
Marvel
Cartoons
Animation
Random Quiz
Search Sporcle
×
Quiz Lab
Quiz Lab
Entertainment
Comic Books
Type in answers that appear in a list
Type in answers that appear in a list
Classic
Best Score? Go Orange.
1st Appearance in Showcase Stats
Can you name the comic book characters that first appeared in Showcase?
By
Hellpop
8m
23 Questions
251 Plays
251 Plays
251 Plays
Comments
Comments
Give Quiz Kudos
Give Quiz Kudos
-
- Ratings
hide this ad
More Info
Replay
Link that replays current quiz
Next Quiz
Link to next quiz in quiz playlist
You Got
0%
They Got
Avg Score
35%
Avg Friend Score
Upgrade to see
Score Distribution
Jump to the score distribution portion of the page
Score
0/23
Timer
08:00
0
Plays Today
Issue #
Character or Team
% Correct
Showcase #4
The Flash
93.6%
Showcase # 22
Green Lantern
90%
Showcase # 34
The Atom
71.3%
Showcase #6
Challengers of the Unknown
55.8%
Showcase # 73
The Creeper
55.4%
Showcase #94
New Doom Patrol
42.2%
Showcase # 75
Hawk and Dove
41.8%
Showcase # 37
Metal Men
40.2%
Showcase # 16
Adam Strange
36.3%
Showcase # 76
Bat Lash
31.5%
Showcase # 62
Inferior Five
30.3%
Showcase # 27
Sea Devils
28.3%
Issue #
Character or Team
% Correct
Showcase # 79
Dolphin
28.3%
Showcase # 20
RIp Hunter
26.3%
Showcase # 74
Anthro
23.1%
Showcase # 77
Angel and the Ape
20.3%
Showcase # 15
Space Ranger
17.5%
Showcase # 82
Nightmaster
17.5%
Showcase # 85
Firehair
15.9%
Showcase #88
Jason's Quest
15.9%
Showcase #66
B'Wana Beast
13.1%
Showcase # 78
Johnny Double
8.8%
Showcase #91
Manhunter 2070
8%
Quiz Playlist
Details
Report
Send in Message
Add To Playlist
More Info:
This game is for characters that debuted in Showcase ONLY. Characters that may have had a series debut, but previously existed, are not included.
Classic:
Type in answers that appear in a list
Quiz Source
Last Updated: Feb 16, 2017
Quiz Scoreboard
CHALLENGE
Sign Up to Join the Scoreboard
Show All
Scores
Hide
Comments
May contain spoilers
Recently Published
College Basketball Coaching Resumes
by pancakes188
Sports
9m
Billboard Blitz: Fleetwood Mac
by CooCooCachoo
Music
15s
Presidents Visiting Landmarks
by Hejman
History
7m
More to Explore
Quiz From the Vault
Featured Blog Post
Where Did the Easter Bunny Come From?
hide this ad
You Might Also Like...
Tags
Comic Books Quiz
DC Comics Quiz
Superhero Quiz
Today's Top Quizzes in Entertainment
Browse Entertainment
hide this ad
Today's Top Quizzes in Comic Books
Browse Comic Books
Top Contributed Quizzes in Entertainment
1
7-to-1: DC Comics Villains
2
Marvel Characters Bunker
3
Eurovision 2023 Logic Puzzle
4
Dragon Ball Z: Goku's Fights in Order
5
Criteria Quickie: Cartoon Taxonomy II
6
Sorting Pictures: Villains
7
Kamen Rider Motifs
8
Mini Trivia Sudoku: Musicals
9
Fictional Villains Letter U Blitz
10
7-to-1: One Piece
Explore More
Trending Topics
Anime
Kpop
Disney
Marvel
Harry Potter
NBA
Crossword
Puzzle
WWE
Country
NFL
Pokémon
The Office
Soccer
Song
hide this ad
More By:
Hellpop
Quiz
Plays
Rating
Category
Featured
Created
Titles Won at WrestleMania
85,573
3.28
Sports
Sep 11, 2010
Superhero Pets
381
4.80
Entertainment
Aug 27, 2010
Marvel Minimates (Part 1)
331
4.00
Entertainment
Aug 28, 2010
DC/Marvel Crossovers
303
4.25
Entertainment
Dec 15, 2010
1st Appearance in Showcase
251
5.00
Entertainment
Dec 15, 2010
Go to Creator's Profile
Score Distribution
Quiz Creator Spotlight
Hellpop
Follow
Send a Message
Quizzes Created
-
Created Quiz Play Count
-
More By This Creator
Popular Quizzes Today
1
Find the US States - No Outlines Minefield
2
Find the Countries of Europe - No Outlines Minefield
3
The Countries of the World
4
Find the US States
5
Risky Map Clicking: Biggest States A-Z
6
US States
7
Popular People in 1961
8
Movies - When Are They Set?
More Entertainment Quizzes
Click the LEGO A-Z
Editor's Pick
Trending Quizzes
Risky Map Clicking: Least Populous States A-Z
1-10 Letter G Words
1-10 Letter F Words
Risky Map Clicking: Next State Alphabetically
Adjectives in 80s TV Shows
Recently Updated
Leaping Animals
pecheneg
Reality TV Shows (A-Z)
bhenderson79
Rickey Henderson's Hall of Fame Teammates
pecheneg
Champions League XIs: Arsenal
pecheneg
Quick Pick: Celebrities in WWE's Hall of Fame
aduchscher
A-Z Keypad Blitz II
pecheneg
Multiple Oscar Actors
pecheneg
Mystery Phrase Blitz: Oscar 'Best Actors'
pecheneg
F. Scott Fitzgerald Novels
LTH
Pick 3 Villains
ddd62291
Trending Topics
Disney
Crossword
Marvel
Anime
NBA
Kpop
Harry Potter
Puzzle
NFL
The Office
WWE
Country
Soccer
Pokémon
Song
Your Account Isn't Verified!
In order to create a playlist on Sporcle, you need to verify the email address you used during registration. Go to your
Sporcle Settings
to finish the process.
Report this User
Report this user for behavior that violates our
Community Guidelines
.
Details:
Send Report
Go to the Sporcle.com Mobile Site →
Comments